| 000 | 00582nam a2200169 a 4500 | ||
|---|---|---|---|
| 005 | 20141105095339.0 | ||
| 008 | 021029s19uu xx 00 eng d | ||
| 020 | _a971-817-003-0 | ||
| 050 |
_aBF 723 _b.Ev93 2003 |
||
| 100 | _aEvangelista, Lourdes L. | ||
| 245 |
_aExceptional psychology : _cLourdes L. Evangelista. _b[with questions and answers] / |
||
| 260 |
_aValenzuela City : _bBooklore Pub. Corp, _cc2003. |
||
| 300 | _a150 p. ; cm. | ||
| 650 |
_aExceptional children _xExaminations, questions, etc. |
||
| 650 |
_aPsychology _xExaminations, questions, etc. |
||
| 942 |
_cBK _2lcc |
||
| 999 |
_c21363 _d21363 |
||